1682 1644 1275 1352 1705 1302 1754 1620 1522 1122 1684 1398 1701 1457 1309 1836 1763 1447 1654 1938 1622 1682 1519 1237 1669 1241 1244 1085 1269 1306 1790 1569 1621 1589 1817 1633 1768 1814 1618 1327 1410 1640 1208 1600 1268 1056 1047 1610 1643 1944 1726 1897 1892 1780 1761 1798 1676 1825 1163 1362 1330 1489 1044 1046 1297 1145 1566 1517 1753 1968 1403 1685 1202 1963 1934 1797 1743 1641 1385 1474 1677 1707 1661 1701 1519 1928 1433 1001 1121 1001 1288 1318 1084 1819 1647 1152 1911 1566 1081 BCNSPRNW ULIB Ver.6.0+V

เปลี่ยนเป็นภาษาไทย

Change to English
 แสดงรายละเอียดบรรณานุกรม
  กลับหน้าหลัก

Brief Record : Get Marc (ISO 2709) : E-mail record : QR code < ปิดหน้าต่าง
LEADER : 00000nam 2200000uu 4500
001    13399112118
003     ULIB
008    110727s2553||||th 000 0 tha d
020    9786169029267
060 04 WY160^bพ949ก
100 0  เพียรดี เปี่ยมมงคล
245 00 การพยาบาลจิตเวชและสุขภาพจิต /^cเพียรดี เปี่ยมมงคล
250    พิมพ์ครั้งที่ 1
260    กรุงเทพฯ :^bบริษัทธรรมสาร,^c2553
300    189 หน้า ;^c27 ซม.
504    บรรณานุกรม
650  2 Psychiatric Nursing
650  2 Mental Health
650  7 การพยาบาลจิตเวชศาสตร์
650  7 จิตเวชศาสตร์^xการพยาบาล
650  7 สุขภาพจิต^xการพยาบาล
945    ^p200^l0^i18421
945    ^p200^l0^i18422
945    ^p200^l0^i16774
945    ^p200^l0^i16908
945    ^p200^l0^i16773
945    ^p200^l0^i16907
945    ^p200^l0^i17139
945    ^p200^l0^i17138
945    ^p200^l0^i17140
945    ^p200^l0^i20798
945    ^p200^l0^i20799
945    ^p200^l0^i20800
945    ^p200^l0^i20801
945    ^p200^l0^i20802
995    ทศพร
999    ^aใช้งานได้ทุกระบบ
รายการนี้ยังไม่มีแท็ก
คุณยังไม่ได้ล็อกอิน คุณสามารถมีกิจกรรมร่วมกับเว็บไซต์ได้ แต่ต้องล็อกอินก่อน ::
  ล็อกอิน

รายการสื่อสารสนเทศ

ลำดับที่ ประเภท เลขเรียก/บาร์โค้ด สถานที่ สถานะ
1. Book การพยาบาล
Book การพยาบาล
สถานะ=หนังสือเก่า
WY160 พ949ก  
  Barcode: 18421
ห้องสมุดวิทยาเขตนครสวรรค์
►ส่วนจัดเก็บหนังสือเก่า นว.
บนชั้น
  ขอยืม
2. Book การพยาบาล
Book การพยาบาล
WY160 พ949ก ฉ.10 
  Barcode: 20798
ห้องสมุดวิทยาเขตนครสวรรค์
►ส่วนจัดเก็บหนังสือเก่า นว.
บนชั้น
  ขอยืม
3. Book การพยาบาล
Book การพยาบาล
WY160 พ949ก ฉ.11 
  Barcode: 20799
ห้องสมุดวิทยาเขตนครสวรรค์
►ส่วนจัดเก็บหนังสือเก่า นว.
บนชั้น
  ขอยืม
4. Book การพยาบาล
Book การพยาบาล
WY160 พ949ก ฉ.12 
  Barcode: 20800
ห้องสมุดวิทยาเขตนครสวรรค์
►ส่วนจัดเก็บหนังสือเก่า นว.
บนชั้น
  ขอยืม
5. Book การพยาบาล
Book การพยาบาล
WY160 พ949ก ฉ.13 
  Barcode: 20801
ห้องสมุดวิทยาเขตนครสวรรค์
►ส่วนจัดเก็บหนังสือเก่า นว.
บนชั้น
  ขอยืม
6. Book การพยาบาล
Book การพยาบาล
WY160 พ949ก ฉ.14 
  Barcode: 20802
ห้องสมุดวิทยาเขตนครสวรรค์
►ส่วนจัดเก็บหนังสือเก่า นว.
บนชั้น
  ขอยืม
7. Book การพยาบาล
Book การพยาบาล
WY160 พ949ก ฉ.2 
  Barcode: 18422
ห้องสมุดวิทยาเขตนครสวรรค์
►ส่วนจัดเก็บหนังสือเก่า นว.
บนชั้น
  ขอยืม
8. Book การพยาบาล
Book การพยาบาล
WY160 พ949ก ฉ.3 
  Barcode: 16774
ห้องสมุดวิทยาเขตนครสวรรค์
►ส่วนจัดเก็บหนังสือเก่า นว.
บนชั้น
  ขอยืม
9. Book การพยาบาล
Book การพยาบาล
WY160 พ949ก ฉ.4 
  Barcode: 16908
ห้องสมุดวิทยาเขตนครสวรรค์
►ส่วนจัดเก็บหนังสือเก่า นว.
บนชั้น
  ขอยืม
10. Book การพยาบาล
Book การพยาบาล
WY160 พ949ก ฉ.5 
  Barcode: 16773
ห้องสมุดวิทยาเขตนครสวรรค์
►ส่วนจัดเก็บหนังสือเก่า นว.
บนชั้น
  ขอยืม
11. Book การพยาบาล
Book การพยาบาล
WY160 พ949ก ฉ.6 
  Barcode: 16907
ห้องสมุดวิทยาเขตนครสวรรค์
►ส่วนจัดเก็บหนังสือเก่า นว.
บนชั้น
  ขอยืม
12. Book การพยาบาล
Book การพยาบาล
WY160 พ949ก ฉ.7 
  Barcode: 17139
ห้องสมุดวิทยาเขตนครสวรรค์
►ส่วนจัดเก็บหนังสือเก่า นว.
บนชั้น
  ขอยืม
13. Book การพยาบาล
Book การพยาบาล
WY160 พ949ก ฉ.8 
  Barcode: 17138
ห้องสมุดวิทยาเขตนครสวรรค์
►ส่วนจัดเก็บหนังสือเก่า นว.
บนชั้น
  ขอยืม
14. Book การพยาบาล
Book การพยาบาล
WY160 พ949ก ฉ.9 
  Barcode: 17140
ห้องสมุดวิทยาเขตนครสวรรค์
►ส่วนจัดเก็บหนังสือเก่า นว.
บนชั้น
  ขอยืม

รายการใกล้เคียง
    ผู้แต่ง [เพียรดี เปี่ยมมงคล]

    หัวเรื่อง [Psychiatric Nursing]
    หัวเรื่อง [Mental Health]
    หัวเรื่อง [การพยาบาลจิตเวชศาสตร์]

BibComment


ยังไม่เคยถูกคอมเมนท์

คอมเมนท์ทรัพยากรรายการนี้
  คอมเมนท์: การพยาบาลจิตเวชแล..


 Copyright 2026. Bcnsprnw @Library